| 000 | 00606nam a2200217 a 4500 | ||
|---|---|---|---|
| 001 | 17545 | ||
| 003 | CO-ViMGA | ||
| 008 | 141112s2004 ck r 000 u spa d | ||
| 020 | _a9789583008796 | ||
| 040 |
_aCO-ViMGA _bspa _cCO-ViMGA |
||
| 082 | 0 | 4 | _aANDa |
| 100 | 1 |
_aAndricaín, Sergio; Rodriguez, Antonio Orlando _924858 |
|
| 245 | 1 | 0 | _aAdivinalo si puedes |
| 260 |
_aBogotá, _cPanAméricana, _c2002 |
||
| 300 | _a44.p. | ||
| 490 | _aQue pase el tren | ||
| 590 | _aForma de adquisición : Premio - Mincultura | ||
| 650 | 1 | 4 |
_aADIVINANZAS _9960 |
| 650 | 1 | 4 |
_aJUEGOS INFANTILES _910241 |
| 942 |
_2ddc _cBK |
||
| 999 |
_c27045 _d27045 |
||